000 00838nam a2200253 i 4500
001 bg
100 1 _aDAMODARAN, Aswath
245 1 0 _aInvestment valuation :
_btools and techniques for determining the value of any asset /
_cAswath Damodaran.
260 _aNew York [et al.] :
_bJohn Wiley & Sons,
_c1996.
300 _aXV, 519 s. :
_brys., wykr. ;
_c26 cm.
490 1 _aWiley Frontiers in Finance
504 _aBibliogr. s. 509-513. - Indeks.
650 9 _aPrzedsiębiorstwo
_xceny
_xbadanie
_xmetody
650 9 _aModele matematyczne
_xstosowanie
_xgospodarka
650 9 _aWartość ekonomiczna
830 _aWiley Frontiers in Finance
020 _a0471112135
040 _cBPK
041 0 _aen
080 _a334.72.003.12:658.14/.17
920 _a0-471-11213-5
942 _cKS
008 s pl f |000 0 pol
999 _c33475
_d33475
856 _uhttp://koha.tu.koszalin.pl/cgi-bin/koha/opac-detail.pl?biblionumber=33475
_yKatalog online BPK